Southville International School and Colleges
Your cart is empty.
  • Cart
  • Lists
    Public lists Eva Luna New books Lux_list list_1
    Your lists Log in to create your own lists
  • Log in to your account
  • Your cookies
  • Search history
Southville International School and Colleges
  • Advanced search
  • Recent comments
  • Most popular
  • Libraries

Log in to your account

Log in with GOOGLE


If you do not have an external account, but do have a local account, you can still log in:

  1. Home
  2. MARC view: Healing the new childhood epidemics :
Normal view MARC view ISBD view

Healing the new childhood epidemics : (Record no. 15463)

[ view plain ]
MARC details
000 -LEADER
fixed length control field 01748cam a22004214a 4500
001 - CONTROL NUMBER
control field 14602870
003 - CONTROL NUMBER IDENTIFIER
control field OSt
005 - DATE AND TIME OF LATEST TRANSACTION
control field 20140310182731.0
008 - FIXED-LENGTH DATA ELEMENTS--GENERAL INFORMATION
fixed length control field 061020s2007 nyu b 001 0 eng
010 ## - LIBRARY OF CONGRESS CONTROL NUMBER
LC control number 2006050415
020 ## - INTERNATIONAL STANDARD BOOK NUMBER
International Standard Book Number 9780345494511 (hc : alk. paper)
020 ## - INTERNATIONAL STANDARD BOOK NUMBER
International Standard Book Number 0345494504
035 ## - SYSTEM CONTROL NUMBER
System control number (OCoLC)74569776
040 ## - CATALOGING SOURCE
Original cataloging agency DLC
Transcribing agency DLC
Modifying agency YDX
-- BAKER
-- BTCTA
-- TQA
-- OMP
-- VP@
-- YDXCP
-- OCLCQ
-- DLC
042 ## - AUTHENTICATION CODE
Authentication code pcc
050 00 - LIBRARY OF CONGRESS CALL NUMBER
Classification number RJ 506.A9
Item number .B63 2007
100 1# - MAIN ENTRY--PERSONAL NAME
Personal name Bock, Kenneth,
Dates associated with a name 1953-
245 10 - TITLE STATEMENT
Title Healing the new childhood epidemics :
Remainder of title autism, ADHD, asthma, and allergies : the groundbreaking program for the 4-A disorders /
Statement of responsibility, etc Kenneth Bock and Cameron Stauth ; special contributions by Korri Fink.
250 ## - EDITION STATEMENT
Edition statement 1st ed.
260 ## - PUBLICATION, DISTRIBUTION, ETC. (IMPRINT)
Place of publication, distribution, etc New York :
Name of publisher, distributor, etc Ballantine Books,
Date of publication, distribution, etc 2008.
300 ## - PHYSICAL DESCRIPTION
Extent 458 p. :
Dimensions 24 cm.
521 ## - TARGET AUDIENCE NOTE
Target audience note
562 ## - COPY AND VERSION IDENTIFICATION NOTE
Number of copies 1
650 #0 - SUBJECT ADDED ENTRY--TOPICAL TERM
Topical term or geographic name as entry element Autism in children.
650 #0 - SUBJECT ADDED ENTRY--TOPICAL TERM
Topical term or geographic name as entry element Attention-deficit hyperactivity disorder.
650 #0 - SUBJECT ADDED ENTRY--TOPICAL TERM
Topical term or geographic name as entry element Asthma in children.
650 #0 - SUBJECT ADDED ENTRY--TOPICAL TERM
Topical term or geographic name as entry element Allergy in children.
700 1# - ADDED ENTRY--PERSONAL NAME
Personal name Stauth, Cameron.
700 1# - ADDED ENTRY--PERSONAL NAME
Personal name Fink, Korri.
856 42 - ELECTRONIC LOCATION AND ACCESS
Materials specified Contributor biographical information
Uniform Resource Identifier <a href="http://www.loc.gov/catdir/enhancements/fy0709/2006050415-b.html">http://www.loc.gov/catdir/enhancements/fy0709/2006050415-b.html</a>
856 42 - ELECTRONIC LOCATION AND ACCESS
Materials specified Publisher description
Uniform Resource Identifier <a href="http://www.loc.gov/catdir/enhancements/fy0709/2006050415-d.html">http://www.loc.gov/catdir/enhancements/fy0709/2006050415-d.html</a>
856 41 - ELECTRONIC LOCATION AND ACCESS
Materials specified Sample text
Uniform Resource Identifier <a href="http://www.loc.gov/catdir/enhancements/fy0709/2006050415-s.html">http://www.loc.gov/catdir/enhancements/fy0709/2006050415-s.html</a>
856 41 - ELECTRONIC LOCATION AND ACCESS
Materials specified Table of contents
Uniform Resource Identifier <a href="http://www.loc.gov/catdir/toc/fy0804/2006050415.html">http://www.loc.gov/catdir/toc/fy0804/2006050415.html</a>
906 ## - LOCAL DATA ELEMENT F, LDF (RLIN)
a 7
b cbc
c orignew
d 1
e ocip
f 20
g y-gencatlg
942 ## - ADDED ENTRY ELEMENTS (KOHA)
Source of classification or shelving scheme Library of Congress Classification
Koha item type Books
Call number prefix Foreign
Holdings
Withdrawn status Lost status Source of classification or shelving scheme Damaged status Home library Current library Shelving location Date acquired Source of acquisition Cost, normal purchase price Total Checkouts Full call number Barcode Date last seen Copy number Price effective from Koha item type
    Library of Congress Classification   College Library College Library General Circulation Section 01/04/2011   699.00   RJ 506.A9 .B63 2007 C11872 05/15/2018 1 10/18/2013 Books

Healing the new childhood epidemics :

APA

Bock K., Stauth C. & Fink K. (2008). Healing the new childhood epidemics. New York: Ballantine Books.

Chicago

Bock Kenneth, Stauth Cameron and Fink Korri. 2008. Healing the new childhood epidemics. New York: Ballantine Books.

Harvard

Bock K., Stauth C. and Fink K. (2008). Healing the new childhood epidemics. New York: Ballantine Books.

MLA

Bock Kenneth, Stauth Cameron and Fink Korri. Healing the new childhood epidemics. New York: Ballantine Books. 2008.

  • Place hold
  • Print
  • Cite
  • Add to your cart (remove)
  • Save record
    BIBTEX Dublin Core MARCXML MARC (non-Unicode/MARC-8) MARC (Unicode/UTF-8) MARC (Unicode/UTF-8, Standard) MODS (XML) RIS
  • More searches
    Search for this title in:
    Other Libraries (WorldCat) Other Databases (Google Scholar) Online Stores (Bookfinder.com) Open Library (openlibrary.org)

Exporting to Dublin Core...

SOUTHVILLE LIBRARY

Southville International School and Colleges Library

1281 Tropical Ave. Cor. Luxembourg St., BF Homes International, Las Pinas City

Tel. No. 8256374 / 252358 Loc. 117/146

Powered by Koha